Normal view
MARC view
- Guide Name:Sahasrtabuddhe Swati
Entry Personal Name
001 - CONTROL NUMBER
- control field: 211028
003 - CONTROL NUMBER IDENTIFIER
- control field: OSt
005 - DATE AND TIME OF LATEST TRANSACTION
- control field: 20250110171833.0
008 - FIXED-LENGTH DATA ELEMENTS
- fixed length control field: 250110|| aca||aabn | a|a d
040 ## - CATALOGING SOURCE
- Original cataloging agency: OSt
- Transcribing agency: OSt
100 ## - HEADING--PERSONAL NAME
- Personal name: Guide Name:Sahasrtabuddhe Swati
670 ## - SOURCE DATA FOUND
- Source citation: Work cat.: (OSt)364729: Shitole Monika 184194, Reinforcing The Man And Nature Interface Biodiversity Park At Baramati, 2021